000 01430pam a2200301 a 4500
001 1859
003 Uk
005 20231005105757.0
020 _a9781444005516 (pbk.) :
_c£4.99
020 _a1444005510 (pbk.) :
_c£4.99
040 _aStDuBDS
_beng
_cStDuBDS
_dUk
082 0 4 _a823.92
_223
100 1 _aSimon, Francesca.
245 1 0 _aHorrid Henry meets the Queen /
_cFrancesca Simon ; illustrated by Tony Ross.
260 _aLondon :
_bOrion Children's,
_c2012.
300 _a79 pages :
_bcolor illustrations ;
_c20 cm.
490 0 _aEarly reader
500 _aOriginally published: as part of a collection with the same title. 2004.
500 _aFormerly CIP.
_5Uk
505 _aK
520 _aEarly Readers are stepping stones from picture books to reading books. A blue Early Reader is perfect for sharing and reading together. A red Early Reader is the next step on your reading journey. The Queen is coming to visit Horrid Henry's school. The real live Queen! Henry can't believe it. But when Miss Battle-Axe puts him in the back row, Henry is furious. Now how is he meant to find out how many TVs she has? Somehow Henry has to get himself noticed - and show the Queen just how horrid he can be . . .
521 _a480
_bLexile
521 _aK
_bRaz-Plus
650 0 _aHorrid Henry (Fictitious character)
_vJuvenile fiction.
655 0 _aChildren's stories.
700 1 _aRoss, Tony.
942 _2ddc
_cBK
_n0
999 _c1859
_d1859